Statistics for Countries By Their Romanian Name

Click here to take the quiz!

General Stats

  • This quiz has been taken 56 times
  • The average score is 14 of 15

Answer Stats

Romanian NameAnswer% Correct
BraziliaBrazil
98%
ChinaChina
98%
DanemarcaDenmark
98%
GreciaGreece
98%
UngariaHungary
98%
NorvegiaNorway
98%
Africa de SudSouth Africa
98%
UcrainaUkraine
98%
Republica DominicanăDominican Republic
96%
MalaeziaMalaysia
96%
Noua ZeelandăNew Zealand
96%
CiadChad
94%
IslandaIceland
94%
KîrgîzstanKyrgyzstan
92%
Regatul UnitUnited KIngdom
92%

Score Distribution

Percentile by Number Answered

Percent of People with Each Score

Your Score History

You have not taken this quiz